000
00317nam a22001457a 4500
008
230719b ||||| |||| 00| 0 eng d
020
_a
97805175568
041
_a
eng
080
_a
521
082
_a
521COO
100
_a
18
101
_a
ASTRO
245
_a
THE LIFE & DEATH OF STARS
_c
COOKE A D
942
_2
udc
_c
BK
999
_c
60166
_d
60166